Grandes visiones de la historia: de De Civitate Dei a Study of History

Salvato in:
Dettagli Bibliografici
Autore principale: Bravo Lira, Bernardino (Autore)
Natura: Libro
Lingua:spagnolo
Pubblicazione: Santiago Universitaria 2010
Soggetti:
Tags: Aggiungi Tag
Nessun Tag, puoi essere il primo ad aggiungerne!!

MARC

LEADER 00000cam a2200000 a 4500
001 UCF1594
003 CL-VaPUC
008 120711e20100000CL |||||||||||||||||spa|d
020 |a 9789561119871 
082 0 4 |a 907.2  |b BRA  |2 21 
100 0 |a Bravo Lira, Bernardino  |e author  |9 563063 
245 1 0 |a Grandes visiones de la historia: de De Civitate Dei a Study of History 
300 |a 156 p 
942 |c BK 
945 |d 20120711 00:00:00  |a dcastane 
260 |a Santiago  |b Universitaria  |c 2010 
650 0 |a Historiografía   |9 257871 
650 0 |a Filosofía de la historia  |9 265651 
583 |a last modification  |c 20120711 16:46:00  |k Rodrigo Vera 
999 |c 348297  |d 348295 
952 |0 0  |1 0  |4 0  |6 907_200000000000000_BRA_2010  |7 0  |8 X  |9 450263  |a FDOBUD  |b FDOBUD  |d 2019-11-22  |i 4796039  |o 907.2 BRA 2010  |p 4796039  |r 2019-11-22  |w 2019-11-22  |y BK_X  |k BUD